[Event "Livingston Allegro op"]
[Site "Livingston"]
[Date "2023.04.02"]
[Round "1"]
[White "McNaught, Jordan J"]
[Black "McDiarmid, Euan"]
[Result "1/2-1/2"]
[WhiteElo "1549"]
[BlackElo "1519"]
[PlyCount "33"]
[EventDate "2023.04.02"]
[EventType "swiss (rapid)"]
[EventRounds "5"]
[EventCountry "SCO"]
[SourceTitle "CBM 213 Extra"]
[Source "ChessBase"]
[SourceDate "2023.05.31"]
[SourceVersion "1"]
[SourceVersionDate "2023.05.31"]
[SourceQuality "1"]

1. d4 d5 2. c4 c6 3. Nc3 Nf6 4. e3 e6 5. Nf3 Bd6 6. cxd5 exd5 7. Bd3 Bg4 8. 0-0 0-0 9. a3 Re8 10. Be2 Ne4 11. Nd2 Qh4 12. g3 Nxg3 13. fxg3 Bxg3 14. hxg3 Qxg3+ 15. Kh1 Qh3+ 16. Kg1 Qg3+ 17. Kh1 1/2-1/2

[Event "Edinburgh Park op"]
[Site "Edinburgh"]
[Date "2023.03.04"]
[Round "5"]
[White "McNaught, Jordan J"]
[Black "McDiarmid, Euan"]
[Result "1/2-1/2"]
[WhiteElo "1527"]
[BlackElo "1598"]
[PlyCount "71"]
[EventDate "2023.03.04"]
[EventType "swiss"]
[EventRounds "5"]
[EventCountry "SCO"]
[SourceTitle "CBM 213 Extra"]
[Source "ChessBase"]
[SourceDate "2023.05.31"]
[SourceVersion "1"]
[SourceVersionDate "2023.05.31"]
[SourceQuality "1"]

1. d4 d5 2. c4 c6 3. Nc3 Nf6 4. e3 Bf5 5. cxd5 Nxd5 6. Nf3 e6 7. Bd3 Bxd3 8. Qxd3 Bb4 9. e4 Nxc3 10. bxc3 Ba5 11. 0-0 0-0 12. e5 c5 13. Ng5 g6 14. Qh3 h5 15. g4 f6 16. Nxe6 Qc8 17. Nxf8 Kxf8 18. Qh4 Qxg4+ 19. Qxg4 hxg4 20. Ba3 fxe5 21. Bxc5+ Kf7 22. Rac1 exd4 23. cxd4 Nc6 24. f3 gxf3 25. Rxf3+ Kg7 26. Rcf1 Rd8 27. Bf8+ Kg8 28. Rf6 Bb6 29. Rxg6+ Kh7 30. Rg4 Nxd4 31. Rf7+ Kh8 32. Bg7+ Kg8 33. Rf6 Nf5+ 34. Rxb6 Rd1+ 35. Kf2 axb6 36. Bd4+ 1/2-1/2